All numbers from 1 to 50 in 15 sec - Statistiques

Statistiques générales
  • Ce quiz a été pris 182 fois
  • Le résultat moyen est 26 sur 50
Statistiques - réponses
Réponse % Correct
1
100%
3
98%
4
98%
5
98%
6
98%
2
97%
7
95%
8
95%
9
94%
11
92%
10
91%
12
91%
13
89%
14
89%
16
88%
15
86%
18
83%
17
81%
19
81%
20
70%
21
66%
22
61%
23
59%
24
55%
25
53%
26
53%
27
53%
28
50%
29
50%
30
33%
31
31%
32
30%
34
25%
33
23%
35
22%
36
19%
37
14%
38
13%
39
11%
42
9%
40
6%
41
6%
43
5%
44
5%
45
3%
46
3%
47
3%
48
2%
50
2%
49
0%
Aucun quiz correspondant
Distribution des résultats
% des personnes avec chaque résultat
Percentile par nombre de réponses
Votre historique - résultats
Vous n’avez pas pris ce quiz